000 00631cam a22002053a 4500
001 42207
003 PGUSA
005 20140828083943.0
008 130226s2013||||xxu|||||s|||||000 | eng d
040 _aPGUSA
_beng
042 _adc
100 1 _aThury, Zoltán,
_d1870-1906
245 1 0 _aThury Zoltán összes művei (3. kötet) :
_bA kapitány és egyéb elbeszélések
_h[electronic resource] /
_cZoltán Thury
260 _bProject Gutenberg,
_c2013
506 _aPublic domain in the USA.
516 _aElectronic text
830 0 _aProject Gutenberg
_v42207
856 4 0 _uhttp://www.gutenberg.org/ebooks/42207
942 _cEB
999 _c271459
_d271459